000 00681nam a2200217Ia 4500
005 20241129111413.0
008 241129s9999||||xx |||||||||||||| ||und||
020 _a978-0-525-53849-3
037 _aTB
040 _aCRL
_beng
_cCRL
041 _aeng
_2eng
084 _aL72:45(S:4) R0
_qCRL
100 _aBredesen Dale E. Au.
_9724327
245 0 _aEnd of alzheimer's program: the first protocol to enhance cognition and reverse decline at any age
_cBredesen Dale E. Au.
260 _aNew Delhi, USA
_bAn Imprint of Penguin
_c2020
300 _axiv,336p.
365 _aUSD
_b19
650 _aMedicine
942 _cTB
_hL72:45(S:4) R0
999 _c1230305
_d1230305